Війна і церква. Церковно-релігійна ситуація в україні 2022 р. (Запис № 573930)

МАРК-запис
000 -Лідер
fixed length control field 00826nas a22002297a 4500
001 - Контрольний номер
control field 216223559
003 - Ідентифікатор контрольного номера
control field UA-OsUOA
005 - Дата та час останнього входження (трансакції)
control field 20230308120405.0
007 - Фіксоване поле фізичного опису
fixed length control field ta
008 - Елементи даних фіксованої довжини – загальна інформація
fixed length control field 230308b2022 un |||p| |||| 00| c ukr d
040 ## - Джерело каталогізації
Агенція оригінальної каталогізації UA-OsUOA
Мова каталогізації ukr
Агенція, яка здійснювала перезапис UA-OsUOA
Агенція, яка здійснювала модифікацію UA-OsUOA
041 ## - Код мови
Код мови тексту/ звукової доріжки чи окремого заголовка (П) ukr
080 ## - Індекс Універсальної десяткової класифікації
Індекс Універсальної десяткової класифікації (УДК) (НП) 2
090 ## - Локальний шифр розміщення
Класифікаційний індекс УДК 2
Авторський знак (НП) В41
110 ## - Наймення організації – загальна інформація
Найменування колективу або юрисдикції як початковий елемент введення Центр Разумкова
245 ## - Відомості про назву
Назва (НП) Війна і церква. Церковно-релігійна ситуація в україні 2022 р.
Решта назви (НП) інформаційні матеріали
Дані про відповідальність (НП) Якименко Ю.
260 ## - Публікація, розповсюдження і т.п. (Вихідні дані)
Місце публікації, розповсюдження і т.п. (П) К.
Ім’я/ наймення видавництва, розповсюджувача і т.п. (П) Центр Разумкова
Дата публікації, розповсюдження і т.п. (П) 2022
650 ## - Додаткове предметне введення – тематичний термін
Джерело заголовка чи терміна UDC
Тематичний термін чи географічна назва, як елемент введення (НП) 2 Релігія. Теологія
942 ## - Додаткові елементи входу (Коха)
Source of classification or shelving scheme Universal Decimal Classification
Тип елемента Koha Журнал
Serial record 1
962 ## - Рік початку публікації
Рік 2022
Фонди
Стан вилучень Стан втрат Джерело класифікації або схеми стелажів Стан уражень Не для кредиту Постійне місце розташування Поточне розміщення Дата придбання Послідовне перерахування / хронологія Усього замовленно Повний номер виклику Штрих-код Дата останнього перегляду Ціна ефективна від Тип елемента Koha
    Universal Decimal Classification     ВП - Відділ періодики НБ ВП - Відділ періодики НБ 08/03/2023 No.1   2 В41 216223559 08/03/2023 08/03/2023 Номер журналу